000 00978cam a2200217 i 4500
005 20251228092136.0
008 250721s1999 ua gr 000 0 ara d
082 1 4 _a218.61
_bم ط ع
100 1 _aالمطعي، عبد العظيم ابراهيم محمد
_eمؤلف.
245 1 0 _aهذا بيان للناس الشبهات الثلاثون المثاره لانكار السنة النبوية عرض وتنفيذ و نقض /
_cدكتور عبد العظيم ابراهيم محمد المطعي.
250 _aالطبعة الاولى.
264 3 1 _aالقاهرة :
_bمكتبة وهبة،
_c1999.
300 _a195صفحة.
490 1 _aلابد من دين الله لدنيا الناس ؛
_vالرقم 16.
650 1 7 _aالسنة النبوية.
650 1 7 _aدفع المطاعن عن الحديث.
650 1 7 _aعلوم الحديث.
830 0 _aلابد من دين الله لدنيا الناس.
942 _2ddc
_cBK
999 _c80216
_d80216